000 00282nam a2200121Ia 4500
008 190216s9999||||xx |||||||||||||| ||und||
100 _aNull
245 0 _aProblems Of The Third World
260 _b"Progress Publishers, Moscow"
300 _a239p
650 _aCommerce
942 _cBK
999 _c4428
_d4428